Loading...
| Current Events | 1 | 30.00 | 100% | 100% | 100% |
| Fine Arts - Auditory Fine Arts | 1 | 10.00 | 100% | 0% | 0% |
| Fine Arts - Other Fine Arts | 5 | 16.00 | 100% | 40% | 20% |
| Fine Arts - Visual Fine Arts | 2 | 5.00 | 50% | 0% | 0% |
| Geography | 2 | 20.00 | 100% | 100% | 0% |
| History - American History | 3 | 16.67 | 100% | 67% | 0% |
| History - European History | 4 | 15.00 | 100% | 50% | 0% |
| History - Other History | 4 | 10.00 | 75% | 25% | 0% |
| History - World History | 5 | 14.00 | 100% | 40% | 0% |
| Literature - American Literature | 2 | 5.00 | 50% | 0% | 0% |
| Literature - British Literature | 3 | 13.33 | 100% | 33% | 0% |
| Literature - European Literature | 2 | 10.00 | 100% | 0% | 0% |
| Literature - World Literature | 3 | 20.00 | 100% | 67% | 33% |
| Mythology | 1 | 10.00 | 100% | 0% | 0% |
| Other Academic | 1 | 20.00 | 100% | 100% | 0% |
| Philosophy | 6 | 10.00 | 83% | 0% | 17% |
| Religion | 3 | 13.33 | 67% | 67% | 0% |
| Science - Biology | 5 | 6.00 | 40% | 20% | 0% |
| Science - Chemistry | 3 | 3.33 | 33% | 0% | 0% |
| Science - Other Science | 2 | 10.00 | 100% | 0% | 0% |
| Science - Physics | 3 | 13.33 | 100% | 33% | 0% |
| Social Science | 6 | 15.00 | 83% | 67% | 0% |